Discourse structure and anaphora : written and conversational English /

Bibliographic Details
Main Author: Fox, Barbara A.
Format: Book
Language:English
Published: Cambridge [Cambridgeshire] ; New York : Cambridge University Press, 1987.
Series:Cambridge studies in linguistics ; 48.
Subjects:

MARC

Tag First Indicator Second Indicator Subfields
LEADER 00000cam a2200000 a 4500
001 in00000030929
005 20151007054911.0
008 861217s1987 enka b 00110 eng
010 |a  86033349  
020 |a 0521330823 
035 |a (OCoLC)15055369 
035 |9 AAB6572AM 
040 |a DLC  |c DLC  |d TXA  |d UtOrBLW 
049 |a TXAM  |c [A11531621] 
050 0 0 |a PE1398.A52  |b F6 1987 
082 0 |a 420/.141  |2 19 
100 1 |a Fox, Barbara A. 
245 1 0 |a Discourse structure and anaphora :  |b written and conversational English /  |c Barbara A. Fox. 
264 1 |a Cambridge [Cambridgeshire] ;  |a New York :  |b Cambridge University Press,  |c 1987. 
300 |a viii, 173 pages :  |b illustrations ;  |c 24 cm. 
336 |a text  |b txt  |2 rdacontent 
337 |a unmediated  |b n  |2 rdamedia 
338 |a volume  |b nc  |2 rdacarrier 
490 1 |a Cambridge studies in linguistics ;  |v 48 
504 |a Bibliography: pages [164]-168. 
500 |a Includes indexes. 
650 0 |a English language  |x Anaphora. 
650 0 |a English language  |x Discourse analysis. 
650 0 |a English language  |x Spoken English. 
830 0 |a Cambridge studies in linguistics ;  |v 48. 
999 |a MARS 
999 f f |s 718b8ef0-821f-3419-b071-25c1dc10f2e8  |i f9e5f48f-be2e-32ac-b993-3ddbc11a08e9  |t 0 
952 f f |p ric  |a Texas A&M University  |b Rellis Campus  |c Joint Library Facility  |s JLF  |d Remote Storage  |t 0  |e PE1398.A52 F6 1987  |h Library of Congress classification  |i unmediated -- volume  |m A14811531621 
998 f f |a PE1398.A52 F6 1987  |t 0  |l Remote Storage